Crónica de Juan II de Castilla / (Record n. 5476)
[ formato base ]
| 000 -LEADER | |
|---|---|
| fixed length control field | 00748nam a2200217 i 4500 |
| 003 - CONTROL NUMBER IDENTIFIER | |
| control field | IT-RoINE |
| 005 - DATE AND TIME OF LATEST TRANSACTION | |
| control field | 20191128070229.0 |
| 008 - FIXED-LENGTH DATA ELEMENTS--GENERAL INFORMATION | |
| fixed length control field | 840924s1982 sp r 001 spa d |
| 020 ## - INTERNATIONAL STANDARD BOOK NUMBER | |
| International Standard Book Number | 8460027767 |
| 040 ## - CATALOGING SOURCE | |
| Original cataloging agency | IBH |
| Language of cataloging | spa |
| Transcribing agency | IT-RoINE |
| Description conventions | rdc |
| 245 10 - TITLE STATEMENT | |
| Title | Crónica de Juan II de Castilla / |
| Statement of responsibility, etc | edición de Juan de Mata Carriazo y Arroguia. |
| 260 ## - PUBLICATION, DISTRIBUTION, ETC. (IMPRINT) | |
| Place of publication, distribution, etc | Madrid : |
| Name of publisher, distributor, etc | Real Academia de la Historia, |
| Date of publication, distribution, etc | 1982. |
| 300 ## - PHYSICAL DESCRIPTION | |
| Extent | 433 p. ; |
| Dimensions | 26 cm. |
| 336 ## - CONTENT TYPE | |
| Source | rdacontent |
| Content type term | text |
| 337 ## - MEDIA TYPE | |
| Source | rdamedia |
| Media type term | unmediated |
| 338 ## - CARRIER TYPE | |
| Source | rdacarrier |
| Carrier type term | volume |
| 651 #4 - SUBJECT ADDED ENTRY--GEOGRAPHIC NAME | |
| Geographic name | Castilla (Reino) |
| General subdivision | Historia |
| Chronological subdivision | 1406-1454 (Juan II) |
| 9 (RLIN) | 7296 |
| 700 11 - ADDED ENTRY--PERSONAL NAME | |
| Personal name | Carriazo y Arroquia, Juan de Mata, |
| Dates associated with a name | 1899-1989 |
| 9 (RLIN) | 10120 |
| 710 21 - ADDED ENTRY--CORPORATE NAME | |
| 9 (RLIN) | 501 |
| Corporate name or jurisdiction name as entry element | Real Academia de la Historia (Madrid, España) |
| 942 ## - ADDED ENTRY ELEMENTS (KOHA) | |
| Item type | Monografías |
| Withdrawn status | Lost status | Damaged status | Not for loan | Home library | Current library | Date acquired | Total Checkouts | Full call number | Barcode | Date last seen | Price effective from | Koha item type |
|---|---|---|---|---|---|---|---|---|---|---|---|---|
| Iglesia Nacional Española en Roma | Iglesia Nacional Española en Roma | 11/09/2014 | HIS.ESP.2. 234 | 6672 | 11/09/2014 | 11/09/2014 | Monografías |